Tilastot visalle Euroopan kaupunkikartan tietokilpailu

Klikkaa tästä pelataksesi tätä visaa!

Yleistilastot

  • Tätä visaa on pelattu 38 kertaa
  • Keskiarvotulos 30 / 36

Vastaukset kartalla

Vastauksille on annettu kartalla punavihreä väri sen mukaan, kuinka moni on saanut sen oikein.
 

Vastaustilastot

Vastaus% Oikein
Lontoo
97%
Amsterdam
94%
Dublin
94%
Lissabon
94%
Madrid
94%
Reykjavík
94%
Barcelona
91%
Bryssel
91%
Pariisi
91%
Berliini
88%
Helsinki
88%
Kööpenhamina
88%
Manchester
88%
Moskova
88%
München
88%
Oslo
88%
Tukholma
88%
Ateena
85%
Praha
85%
Sevilla
85%
Wien
85%
Düsseldorf
82%
Edinburgh
82%
Kiev
82%
Marseille
82%
Rooma
82%
Bukarest
79%
Geneve
79%
Pietari
79%
Varsova
76%
Milano
73%
Napoli
73%
Palermo
73%
Sarajevo
73%
Budapest
67%
Belgrad
64%

Tulosjakauma

Persentiili vastausten määrän mukaan

Jokaisen tuloksen saaneiden osuus

Tuloshistoriasi

Et ole pelannut tätä visaa